Advanced accounts (Record no. 3791)

000 -LEADER
fixed length control field 00583nam a22002291 4500
001 - CONTROL NUMBER
control field 3791
003 - CONTROL NUMBER IDENTIFIER
control field BD-DhUET
008 - FIXED-LENGTH DATA ELEMENTS--GENERAL INFORMATION
fixed length control field 740123s1966 ii k 000 0 eng
020 ## - INTERNATIONAL STANDARD BOOK NUMBER
International Standard Book Number 8121902789
040 ## - CATALOGING SOURCE
Original cataloging agency DLC
Transcribing agency DLC
Modifying agency BD-DhUET
082 00 - DEWEY DECIMAL CLASSIFICATION NUMBER
Classification number 657
Item number SHU/1999
100 1# - MAIN ENTRY--PERSONAL NAME
Personal name Shukla, M. C.
245 10 - TITLE STATEMENT
Title Advanced accounts
Statement of responsibility, etc. by M. C. Shukla and T. S. Grewal
250 ## - EDITION STATEMENT
Edition statement 14th ed.
260 ## - PUBLICATION, DISTRIBUTION, ETC. (IMPRINT)
Place of publication, distribution, etc. New Delhi
Name of publisher, distributor, etc. S, chand
Date of publication, distribution, etc. 1999
300 ## - PHYSICAL DESCRIPTION
Extent v.p.
Other physical details ill.
Dimensions 25 cm.
504 ## - BIBLIOGRAPHY, ETC. NOTE
Bibliography, etc Includes bibliographies
650 #0 - SUBJECT ADDED ENTRY--TOPICAL TERM
Topical term or geographic name as entry element Accounting
700 ## - ADDED ENTRY--PERSONAL NAME
Personal name Grewal, T. S.
700 ## - ADDED ENTRY--PERSONAL NAME
Personal name Gupta, S. C.
942 ## - ADDED ENTRY ELEMENTS (KOHA)
Koha item type General Book
Holdings
Lost status Price effective from Koha date last seen Not for loan Koha item type Location (home branch) Koha normalized classification for sorting Source of classification or shelving scheme Date acquired Copy number Sublocation or collection (holding branch) Damaged status Withdrawn status Shelving location Piece designation (barcode) Koha full call number
 2014-11-052014-11-05 General BookCentral Library, BUET657SHU1999 2014-11-051Central Library, BUET  Circulation section93656657/SHU/1999
 2014-11-052014-11-05 General BookCentral Library, BUET657SHU1999 2014-11-052Central Library, BUET  Circulation section93657657/SHU/1999
 2014-11-052014-11-05 General BookCentral Library, BUET657SHU1999 2014-11-053Central Library, BUET  Circulation section93658657/SHU/1999
 2014-11-052014-11-05 General BookCentral Library, BUET657SHU1999 2014-11-054Central Library, BUET  Circulation section93659657/SHU/1999
 2014-11-052014-11-05 General BookCentral Library, BUET657SHU1999 2014-11-055Central Library, BUET  Circulation section93660657/SHU/1999
 2014-11-052014-11-05 General BookCentral Library, BUET657_000000000000000_SHU_1999 2014-11-056Central Library, BUET  Circulation section93661657/SHU/1999
 2014-11-052014-11-05 General BookCentral Library, BUET657SHU1999 2014-11-057Central Library, BUET  Circulation section93662657/SHU/1999
 2014-11-052014-11-05 General BookCentral Library, BUET657_000000000000000_SHU_1999 2014-11-058Central Library, BUET  Circulation section93655657/SHU/1999
 2015-06-202015-06-20 Reading ItemCentral Library, BUET657_000000000000000_SHU_1999 2015-06-209Central Library, BUET  Reading section93654657/SHU/1999
 2015-06-202015-06-20 Reading ItemCentral Library, BUET657_000000000000000_SHU_1999 2015-06-2010Central Library, BUET  Reading section93653657/SHU/1999